000 01109cam a22002054a 4500
005 20250605164221.0
008 250528s ||||||||||||||||||||||||d
035 _a20690
020 _a71153543
040 _aGR-AtMCL
_bgre
_dGR-AtMCL
_eAACR2
245 1 _aMicroeconomics / Third Edition
250 _a3rd
260 _bIrwin Mcgraw-Hill,
_c1998
300 _a658
520 _aThe Market Economy, The Household, Consumer Choice, Comparative Statics and Demand, Price Changes and Consumer Welfare, The Household as Supplier, Choice Under Uncertainty, The Firm, The Firm and Its Goals, Technology and Production, Cost, The Competitive Model, The Price-Taking Firm, Equilibrium in Competitive Markets, General Equilibrium and Welfare Economics, Market Power, Monopoly, More on Price-Making Firms, Oligopoly and Strategic Behavior, Game Theory, Missing Markets, Asymmetric Information, Externalities and Public Goods, Progress Check Solutions, Appendix: An Algebraic Approach to Consumer Choice, References, Index.
700 1 _aKatz Michael L
_96652
942 _cBK
999 _c5776
_d5776